Confesionario por preguntas y pláticas doctrinales en castellano y araucano según el manuscrito inédito del misionero franciscano Fray Antonio Hernández Calzada, 1843: Con notas biográficas por el R. P. Fray Antonio Pavez, O. F. M. publicado por Rodolfo R. Schuller
Uloženo v:
| Hlavní autor: | |
|---|---|
| Médium: | Kniha |
| Jazyk: | španělština araukánština |
| Vydáno: |
Santiago
F. Becerra M.
1907
|
| Vydání: | 1a. ed |
| Témata: | |
| Tagy: |
Přidat tag
Žádné tagy, Buďte první, kdo vytvoří štítek k tomuto záznamu!
|
MARC
| LEADER | 00000nam a2200000 a 4500 | ||
|---|---|---|---|
| 001 | UCJ4192 | ||
| 003 | CL-VaPUC | ||
| 005 | 20220106074426.0 | ||
| 008 | 070124e19070800CL |||||||||||||||||spa|d | ||
| 999 | |c 320309 |d 320307 | ||
| 040 | |c Pontificia Universidad Católica de Valparaíso | ||
| 041 | 0 | 7 | |a spa |2 CL-VaPUC |
| 041 | 0 | 7 | |a arn |2 CL-VaPUC |
| 082 | 0 | 4 | |a 498 |b HER |2 21 |
| 100 | 0 | |a Hernández Calzada, Fray Antonio |e author |9 507360 | |
| 245 | 1 | 0 | |a Confesionario por preguntas y pláticas doctrinales en castellano y araucano según el manuscrito inédito del misionero franciscano Fray Antonio Hernández Calzada, 1843: Con notas biográficas por el R. P. Fray Antonio Pavez, O. F. M. publicado por Rodolfo R. Schuller |
| 250 | |a 1a. ed | ||
| 260 | |a Santiago |b F. Becerra M. |c 1907 | ||
| 300 | |a 68 p | ||
| 500 | |a Desde la página 14 hasta la 68 la numeración de éstas es repetida | ||
| 583 | |a last modification |c 20070124 00:00:00 |k Rodrigo Vera | ||
| 600 | 0 | 7 | |a SCHULLER, RODOLFO R. |2 CL-VaPUC |9 507361 |
| 600 | 0 | 7 | |a PAVEZ O. F. M., FRAY ANTONIO |2 CL-VaPUC |9 507362 |
| 600 | 0 | 7 | |a Lagos, Roberto |9 859852 |
| 600 | 0 | 7 | |a SALAS, JOSE HIPOLITO |2 CL-VaPUC |9 506650 |
| 650 | 7 | |a BIOGRAFIA |2 CL-VaPUC |9 504622 | |
| 650 | 7 | |a LENGUAS ABORIGENES |2 CL-VaPUC |9 445955 | |
| 650 | 7 | |a LENGUA ARAUCANA |2 CL-VaPUC |9 506597 | |
| 650 | 0 | |a Lenguaje y lenguas |9 265846 | |
| 650 | 0 | |a Misioneros |9 324171 | |
| 650 | 0 | |a Franciscanos |9 267404 | |
| 650 | 7 | |a BIBLIOGRAFIA |2 CL-VaPUC |9 256175 | |
| 650 | 7 | |a EVANGELIZACION |2 CL-VaPUC |9 507364 | |
| 650 | 0 | |a Araucanos |9 314060 | |
| 650 | 7 | |a SERMONES Y PLATICAS |2 CL-VaPUC |9 507365 | |
| 852 | |a BIBCUR | ||
| 942 | |c BK |2 ddc | ||
| 945 | |d 20070124 00:00:00 |a rinostro | ||
| 952 | |0 0 |1 0 |4 0 |6 498_000000000000000_HER_1907 |7 0 |8 X |9 398806 |a FDOBUD |b FDOBUD |d 2019-11-22 |i 1015052 |o 498 HER 1907 |p 1015052 |r 2019-11-22 |w 2019-11-22 |y BK_X |k BUD | ||